[Event "Thessaloniki White Tower op-C 41th"]
[Site "Thessaloniki"]
[Date "2019.01.06"]
[Round "5.2"]
[White "Kyparissopoulos, Spyridon"]
[Black "Kyparissopoulos, Nikolaos"]
[Result "1-0"]
[WhiteElo "1222"]
[BlackElo "1021"]
[PlyCount "47"]
[EventDate "2019.01.02"]
[EventType "swiss"]
[EventRounds "6"]
[EventCountry "GRE"]
[SourceTitle "EXT 2024"]
[Source "ChessBase"]
[SourceDate "2023.10.10"]
[SourceVersion "1"]
[SourceVersionDate "2023.10.10"]
[SourceQuality "1"]

1. Nf3 c5 2. b3 d6 3. e4 Nc6 4. Bb5 Bd7 5. 0-0 Nf6 6. Nc3 Nd4 7. Bxd7+ Qxd7 8. Re1 0-0-0 9. a4 Nxf3+ 10. Qxf3 Qc6 11. Ba3 e6 12. Nb5 Kb8 13. Bb2 d5 14. Bxf6 gxf6 15. Qxf6 Be7 16. Qxe7 dxe4 17. Qxf7 Rxd2 18. Qf4+ Ka8 19. Qxd2 a6 20. Nc3 Qe8 21. Rxe4 Rg8 22. Nd5 Kb8 23. Nf6 Qg6 24. Qf4+ 1-0

[Event "Thessaloniki White Tower op-C 41th"]
[Site "Thessaloniki"]
[Date "2019.01.05"]
[Round "3.5"]
[White "Kavakopoulou, Ioulia Anastasia"]
[Black "Kyparissopoulos, Nikolaos"]
[Result "1/2-1/2"]
[WhiteElo "1160"]
[BlackElo "1021"]
[PlyCount "90"]
[EventDate "2019.01.02"]
[EventType "swiss"]
[EventRounds "6"]
[EventCountry "GRE"]
[SourceTitle "EXT 2024"]
[Source "ChessBase"]
[SourceDate "2023.10.10"]
[SourceVersion "1"]
[SourceVersionDate "2023.10.10"]
[SourceQuality "1"]

1. d4 d6 2. e4 e6 3. Nf3 g6 4. Bg5 Ne7 5. Bf6 Rg8 6. Be2 h6 7. 0-0 Nd7 8. Bxe7 Qxe7 9. c4 Bg7 10. Nc3 c6 11. d5 Ne5 12. dxc6 bxc6 13. Qd2 Bb7 14. Rad1 0-0-0 15. Qe3 Kb8 16. b4 Qc7 17. b5 Qa5 18. Nxe5 Bxe5 19. bxc6 Bxc6 20. Rd3 Rd7 21. Rb1+ Rb7 22. Rxb7+ Kxb7 23. Nd1 Qe1+ 24. Bf1 Qxe3 25. Rxe3 Bd4 26. Rf3 f5 27. Rb3+ Kc7 28. exf5 gxf5 29. Rh3 Rg6 30. Rd3 e5 31. Ne3 Rg5 32. h4 Rh5 33. g3 f4 34. Nc2 Be4 35. Nxd4 Bxd3 36. Nb5+ Kd7 37. Bxd3 e4 38. Bxe4 fxg3 39. fxg3 Re5 40. Nc3 Rc5 41. Bd5 Rc8 42. Kf2 Rf8+ 43. Ke3 Re8+ 44. Ne4 Rb8 45. Nc3 Re8+ 1/2-1/2

[Event "Thessaloniki White Tower op-C 41th"]
[Site "Thessaloniki"]
[Date "2019.01.03"]
[Round "2.14"]
[White "Kyparissopoulos, Nikolaos"]
[Black "Delisavidis, Dionysios"]
[Result "1-0"]
[WhiteElo "1021"]
[BlackElo "1149"]
[PlyCount "83"]
[EventDate "2019.01.02"]
[EventType "swiss"]
[EventRounds "6"]
[EventCountry "GRE"]
[SourceTitle "EXT 2024"]
[Source "ChessBase"]
[SourceDate "2023.10.10"]
[SourceVersion "1"]
[SourceVersionDate "2023.10.10"]
[SourceQuality "1"]

1. e4 Nf6 2. Nc3 d6 3. Nf3 Bg4 4. d4 Nbd7 5. Bc4 e5 6. Qd3 exd4 7. Nxd4 Ne5 8. Qf1 g6 9. Bg5 Bg7 10. Bb3 0-0 11. f3 Bd7 12. Qf2 Qe8 13. a4 Nc6 14. Ndb5 Qc8 15. 0-0 a6 16. Nd4 Ne5 17. Qh4 Ne8 18. Be7 Nc6 19. Nxc6 Bxc6 20. Bxf8 Bxf8 21. Qf4 Qd7 22. Rad1 Qe7 23. Nd5 Bxd5 24. Bxd5 c6 25. Bb3 Qf6 26. Qxf6 Nxf6 27. Rfe1 Bh6 28. Rxd6 Kg7 29. g3 Rc8 30. e5 Ne8 31. Rd7 Rc7 32. Red1 Be3+ 33. Kg2 Kf8 34. Rxc7 Nxc7 35. Rd7 Ne6 36. Bxe6 fxe6 37. Rxb7 Bd4 38. f4 h6 39. c3 Bc5 40. Rc7 Be7 41. Rxc6 a5 42. Rxe6 1-0